Как хорошо вы знаете французские числительные? (число на французский) - Statistics

General Stats
  • This quiz has been taken 32 times
    31 since last reset
  • The average score is 8 of 20
Answer Stats
Число Запись буквами % Correct
173 cent soixante-treize
100%
101 cent un
100%
505 cinq cent cinq
100%
247 deux cent quarante-sept
100%
17 dix-sept
100%
8 huit
100%
806 huit cent six
100%
831 huit cent trente-et-un
100%
9 neuf
100%
11 onze
100%
40 quarante
100%
45 quarante-cinq
100%
44 quarante-quatre
100%
4 quatre
100%
439 quatre cent trente-neuf
100%
4849 quatre mille huit cent quarante-neuf
100%
85 quatre-vingt-cinq
100%
90 quatre-vingt-dix
100%
99 quatre-vingt-dix-neuf
100%
87 quatre-vingt-sept
100%
83 quatre-vingt-trois
100%
607 six cent sept
100%
60 soixante
100%
70 soixante-dix
100%
77 soixante-dix-sept
100%
61 soixante-et-un
100%
73 soixante-treize
100%
32 trente-deux
100%
38 trente-huit
100%
37 trente-sept
100%
33 trente-trois
100%
321 trois cent vingt-et-un
100%
1 un
100%
29 vingt-neuf
100%
26 vingt-six
100%
7 sept
67%
116 cent seize
50%
125 cent vingt-cinq
50%
5 cinq
50%
246 deux cent quarante-six
50%
277 deux cent soixante-dix-sept
50%
1898 mille huit cent quatre-vingt-dix-huit
50%
967 neuf cent soixante-sept
50%
43 quarante-trois
50%
484 quatre cent quatre-vingt-quatre
50%
479 quatre cent soixante-dix-neuf
50%
80 quatre-vingt
50%
98 quatre-vingt-dix-huit
50%
97 quatre-vingt-dix-sept
50%
88 quatre-vingt-huit
50%
91 quatre-vingt-onze
50%
789 sept cent quatre-vingt-neuf
50%
7993 sept mille neuf cent quatre-vingt-treize
50%
6 six
50%
604 six cent quatre
50%
6166 six mille cent soixante-six
50%
6764 six mille sept cent soixante-quatre
50%
74 soixante-quatorze
50%
35 trente-cinq
50%
3441 trois mille quatre cent quarante-et-un
50%
25 vingt-cinq
50%
56 cinquante-six
33%
7612 sept mille six cent douze
33%
75 soixante-quinze
33%
3562 trois mille cinq cent soixante-deux
33%
826 huit cent vingt-six
25%
54 cinquante-quatre
20%
144 cent quarante-quatre
0%
114 cent quatorze
0%
190 cent quatre-vingt-dix
0%
194 cent quatre-vingt-quatorze
0%
195 cent quatre-vingt-quinze
0%
186 cent quatre-vingt-six
0%
115 cent quinze
0%
176 cent soixante-seize
0%
132 cent trente-deux
0%
137 cent trente-sept
0%
103 cent trois
0%
545 cinq cent quarante-cinq
0%
543 cinq cent quarante-trois
0%
560 cinq cent soixante
0%
578 cinq cent soixante-dix-huit
0%
569 cinq cent soixante-neuf
0%
536 cinq cent trente-six
0%
5520 cinq mille cinq cent vingt
0%
50 cinquante
0%
55 cinquante-cinq
0%
52 cinquante-deux
0%
51 cinquante-et-un
0%
58 cinquante-huit
0%
59 cinquante-neuf
0%
57 cinquante-sept
0%
53 cinquante-trois
0%
2 deux
0%
258 deux cent cinquante-huit
0%
217 deux cent dix-sept
0%
2868 deux mille huit cent soixante-huit
0%
2822 deux mille huit cent vingt-deux
0%
2956 deux mille neuf cent cinquante-six
0%
2411 deux mille quatre cent onze
0%
2075 deux mille soixante-quinze
0%
2335 deux mille trois cent trente-cinq
0%
10 dix
0%
18 dix-huit
0%
19 dix-neuf
0%
12 douze
0%
810 huit cent dix
0%
818 huit cent dix-huit
0%
848 huit cent quarante-huit
0%
892 huit cent quatre-vingt-douze
0%
8508 huit mille cinq cent huit
0%
8270 huit mille deux cent soixante-dix
0%
8834 huit mille huit cent trente-quatre
0%
8030 huit mille trente
0%
1563 mille cinq cent soixante-trois
0%
1050 mille cinquante
0%
1238 mille deux cent trente-huit
0%
1772 mille sept cent soixante-douze
0%
1396 mille trois cent quatre-vingt-seize
0%
957 neuf cent cinquante-sept
0%
991 neuf cent quatre-vingt-onze
0%
927 neuf cent vingt-sept
0%
9865 neuf mille huit cent soixante-cinq
0%
42 quarante-deux
0%
41 quarante-et-un
0%
48 quarante-huit
0%
49 quarante-neuf
0%
47 quarante-sept
0%
46 quarante-six
0%
14 quatorze
0%
400 quatre cents
0%
4171 quatre mille cent soixante-onze
0%
4802 quatre mille huit cent deux
0%
4923 quatre mille neuf cent vingt-trois
0%
4429 quatre mille quatre cent vingt-neuf
0%
82 quatre-vingt-deux
0%
92 quatre-vingt-douze
0%
89 quatre-vingt-neuf
0%
94 quatre-vingt-quatorze
0%
84 quatre-vingt-quatre
0%
95 quatre-vingt-quinze
0%
96 quatre-vingt-seize
0%
86 quatre-vingt-six
0%
93 quatre-vingt-treize
0%
81 quatre-vingt-un
0%
15 quinze
0%
16 seize
0%
751 sept cent cinquante-et-un
0%
753 sept cent cinquante-trois
0%
785 sept cent quatre-vingt-cinq
0%
761 sept cent soixante-et-un
0%
728 sept cent vingt-huit
0%
7599 sept mille cinq cent quatre-vingt-dix-neuf
0%
7642 sept mille six cent quarante-deux
0%
7374 sept mille trois cent soixante-quatorze
0%
652 six cent cinquante-deux
0%
681 six cent quatre-vingt-un
0%
633 six cent trente-trois
0%
6197 six mille cent quatre-vingt-dix-sept
0%
6054 six mille cinquante-quatre
0%
6240 six mille deux cent quarante
0%
6288 six mille deux cent quatre-vingt-huit
0%
6482 six mille quatre cent quatre-vingt-deux
0%
6755 six mille sept cent cinquante-cinq
0%
65 soixante-cinq
0%
62 soixante-deux
0%
78 soixante-dix-huit
0%
79 soixante-dix-neuf
0%
72 soixante-douze
0%
68 soixante-huit
0%
69 soixante-neuf
0%
71 soixante-onze
0%
64 soixante-quatre
0%
76 soixante-seize
0%
67 soixante-sept
0%
66 soixante-six
0%
63 soixante-trois
0%
13 treize
0%
30 trente
0%
31 trente-et-un
0%
39 trente-neuf
0%
34 trente-quatre
0%
36 trente-six
0%
3 trois
0%
359 trois cent cinquante-neuf
0%
319 trois cent dix-neuf
0%
309 trois cent neuf
0%
380 trois cent quatre-vingt
0%
383 trois cent quatre-vingt-trois
0%
313 trois cent treize
0%
324 trois cent vingt-quatre
0%
3287 trois mille deux cent quatre-vingt-sept
0%
20 vingt
0%
22 vingt-deux
0%
21 vingt-et-un
0%
28 vingt-huit
0%
24 vingt-quatre
0%
27 vingt-sept
0%
23 vingt-trois
0%
0 zero
0%
No matching quizzes found
Score Distribution
Percent of People with Each Score
Percentile by Number Answered
Your Score History
You have not taken this quiz since the last reset